Les 100 meilleurs clubs au classement UEFA - Statistiques

Statistiques générales
  • Ce quiz a été pris 197 fois
  • Le résultat moyen est 55 sur 100
Statistiques - réponses
Championnat Club % Correct
Espagne Real Madrid
99%
Allemagne Bayern Munich
98%
Italie Inter Milan
98%
Angleterre Manchester City
98%
France OL
98%
France PSG
98%
Angleterre Liverpool
95%
France OM
95%
Allemagne Dortmund
94%
Espagne FC Barcelone
94%
Angleterre Manchester United
94%
Italie AC Milan
93%
Angleterre Chelsea
93%
Portugal Benfica Lisbonne
89%
Angleterre Arsenal
87%
Espagne Atletico Madrid
87%
Italie Juventus
87%
Pays-Bas Ajax
85%
Portugal FC Porto
85%
France LOSC Lille
80%
Belgique Club Brugge
77%
Portugal Sporting Portugal
76%
Pays-Bas AZ Alkmaar
75%
Allemagne Leverkusen
75%
Italie Naples
75%
Pays-Bas PSV Eindhoven
75%
Allemagne RB Leipzig
75%
Angleterre Tottenham
75%
Turquie Galatasaray
74%
Espagne Seville
74%
Angleterre Aston Villa
73%
France AS Monaco
72%
Italie AS Rome
71%
Italie Lazio
69%
Ecosse Celtic Glasgow
68%
Pays-Bas Feyenoord
68%
Ecosse Glasgow Rangers
67%
France OGC Nice
66%
Espagne Real Betis
65%
France Rennes
64%
Italie Atalanta
63%
Turquie Fenerbahçe
63%
Croatie Dinamo Zagreb
62%
Grèce Olympiakos
62%
Angleterre West Ham
62%
Espagne Athletic Bilbao
61%
Belgique Anderlecht
60%
Allemagne Eintracht Francfort
60%
Danemark Copenhague
58%
Suisse FC Bâle
58%
Angleterre Newcastle
57%
Portugal Braga
55%
Italie Fiorentina
55%
Ukraine Shakhtar Donetsk
55%
Tchéquie Sparta Prague
55%
Espagne Real Sociedad
53%
Suisse Young Boys
53%
Tchéquie Slavia Prague
52%
Autriche RB Salzburg
51%
Espagne Villareal
50%
Grèce Panathinaikos
49%
Serbie Etoile Rouge de Belgrade
48%
Autriche Rapid Vienne
48%
Israël Maccabi Tel-Aviv
45%
France Brest
42%
Italie Bologne
40%
Belgique Union Saint-Gilloise
40%
Roumanie FCSB
38%
Serbie Partizan Belgrade
38%
Espagne Girona
37%
Angleterre Leicester
35%
Pologne Varsovie
34%
Norvège Bodo Glimt
33%
Angleterre Brighton
33%
Turquie Istanbul Basaksehir FC
33%
Grèce PAOK Salonique
33%
Slovaquie Slovan Bratislava
33%
Allemagne Union Berlin
32%
Israël Maccabi Haifa
31%
Angleterre Crystal Palace
30%
Azerbaidjan Qarabag
30%
Hongrie Ferencvaros
29%
Autriche Sturm Graz
29%
Tchéquie Viktoria Plzen
28%
Belgique La Gantoise
25%
Angleterre Nottingham Forest
25%
Bulgarie Ludogorets
21%
Allemagne Fribourg
20%
Pologne Lech Poznan
20%
Espagne Osasuna
16%
Roumanie CFR Cluj
15%
Moldavie Sheriff Tiraspol
15%
Portugal Vitoria Guimaraes
15%
Autriche LASK
12%
Danemark Midtjylland
12%
Norvège Molde
12%
Suisse FC Lugano
10%
Irlande Shamrock Rovers
8%
Slovénie Olimpija Ljubljana
5%
Suède Djurgarden
3%
Aucun quiz correspondant
Distribution des résultats
% des personnes avec chaque résultat
Percentile par nombre de réponses
Votre historique - résultats
Vous n’avez pas pris ce quiz